Cómo elegir un estilo de liderazgo / (Record no. 9064)
[ view plain ]
| 000 -CABECERA | |
|---|---|
| campo de control de longitud fija | 00834nam a2200229 a 4500 |
| 005 - FECHA Y HORA DE LA ÚLTIMA TRANSACCIÓN | |
| campo de control | 20240215063820.0 |
| 008 - ELEMENTOS DE LONGITUD FIJA--INFORMACIÓN GENERAL | |
| campo de control de longitud fija | 991125 [s. 000 0 spa u |
| 035 ## - NÚMERO DE CONTROL DEL SISTEMA | |
| Número de control de sistema | UPN01000009064 |
| 049 ## - COLECCIÓN | |
| Colección | CG |
| 050 #4 - SIGNATURA TOPOGRÁFICA DE LA BIBLIOTECA DEL CONGRESO | |
| Número de clasificación | HF5500 |
| Número de documento/Ítem | T3.28 |
| 100 1# - ASIENTO PRINCIPAL--NOMBRE PERSONAL | |
| Nombre de persona | Tannembaum, Robert |
| 245 10 - MENCIÓN DE TÍTULO | |
| Título | Cómo elegir un estilo de liderazgo / |
| Mención de responsabilidad, etc. | Robert Tannembaum y Warren H. Schmidt. |
| 260 ## - PUBLICACIÓN, DISTRIBUCIÓN, ETC. | |
| Lugar de publicación, distribución, etc. | [S.l.] : |
| Nombre del editor, distribuidor, etc. | Biblioteca Harvard, |
| 300 ## - DESCRIPCIÓN FÍSICA | |
| Extensión | 10 h. |
| 500 ## - NOTA GENERAL | |
| Nota general | Título de la cubierta: Dirección de instituciones educativas : unidad III : liderazgo : lectura complementaria |
| 500 ## - NOTA GENERAL | |
| Nota general | A la cabeza de la cubierta: Universidad Pedagógica Nacional. Area de Docencia. Maestría |
| 500 ## - NOTA GENERAL | |
| Nota general | Fotocopia |
| 650 #4 - ASIENTO SECUNDARIO DE MATERIA - TERMINO TEMATICO | |
| Término de materia o nombre geográfico como elemento de entrada | Administración |
| 9 (RLIN) | 28 |
| 700 1# - ASIENTO SECUNDARIO--NOMBRE DE PERSONAL | |
| Nombre de persona | Schmidt, Warren H., |
| Término indicativo de función/relación | coaut. |
| 710 2# - ASIENTO SECUNDARIO - NOMBRE CORPORATIVO | |
| Nombre de entidad corporativa o nombre de jurisdicción como elemento de entrada | Universidad Pedagógica Nacional (México) |
| 905 ## - TIPO DE MATERIAL | |
| Tipo de material | Libro |
| Estado de retiro | Estado de pérdida | Fuente del sistema de clasificación o colocación | Estado dañado | No para préstamo | Código de colección | Localización permanente | Ubicación/localización actual | Ubicación en estantería | Total de préstamos | Clasificación | Código de barras | Fecha visto por última vez | Número de copia | Tipo de ítem Koha | Fecha de adquisición |
|---|---|---|---|---|---|---|---|---|---|---|---|---|---|---|---|
| Library of Congress Classification | Colección General | Bib. Gregorio Torres Quintero | Bib. Gregorio Torres Quintero | Planta baja | HF5500 T3.28 | 59770 | 31/12/2020 | 1 | Libro | ||||||
| Library of Congress Classification | Colección General | Bib. Gregorio Torres Quintero | Bib. Gregorio Torres Quintero | Planta baja | HF5500 T3.28 | 59765 | 31/12/2020 | 1 | Libro | 09/05/2023 | |||||
| Library of Congress Classification | Colección General | Bib. Gregorio Torres Quintero | Bib. Gregorio Torres Quintero | Planta baja | HF5500 T3.28 | 59769 | 31/12/2020 | 1 | Libro | ||||||
| Library of Congress Classification | Colección General | Bib. Gregorio Torres Quintero | Bib. Gregorio Torres Quintero | Planta baja | HF5500 T3.28 | 59766 | 31/12/2020 | 1 | Libro | 09/05/2023 | |||||
| Library of Congress Classification | Colección General | Bib. Gregorio Torres Quintero | Bib. Gregorio Torres Quintero | Planta baja | HF5500 T3.28 | 59767 | 31/12/2020 | 1 | Libro | ||||||
| Library of Congress Classification | Colección General | Bib. Gregorio Torres Quintero | Bib. Gregorio Torres Quintero | Planta baja | HF5500 T3.28 | 59768 | 31/12/2020 | 1 | Libro |
